All Two Letter Words Accepted in Scrabble - Statistics

General Stats
  • This quiz has been taken 147 times
    106 since last reset
  • The average score is 79 of 107
Answer Stats
Word % Correct
Be
94%
An
90%
As
90%
At
90%
Do
90%
Ba
89%
Bi
89%
Bo
89%
To
89%
No
87%
Ad
86%
Al
86%
Am
86%
On
86%
Ab
84%
De
84%
In
84%
It
84%
Lo
84%
Me
84%
Ae
83%
Ah
83%
By
83%
Da
83%
Is
83%
Of
83%
Ai
81%
Ar
81%
Ax
81%
Go
81%
Ay
80%
Ha
80%
Ma
80%
Mo
80%
Aa
79%
Ag
79%
Aw
79%
If
79%
My
79%
Na
79%
Po
79%
We
79%
He
77%
Hi
77%
La
77%
So
77%
Yo
77%
Er
76%
Et
76%
Fa
76%
Or
76%
Pa
76%
Es
74%
Ho
74%
Mi
74%
Op
74%
Pi
74%
Eh
73%
Ew
73%
Oh
73%
Ef
71%
El
71%
En
71%
Fe
71%
Li
71%
Ta
71%
Ed
70%
Em
70%
Ex
70%
Ne
70%
Nu
70%
Pe
70%
Us
70%
Mu
69%
Os
69%
Gi
67%
Id
67%
Ka
67%
Re
67%
Ti
67%
Ya
67%
Za
67%
Jo
66%
Oi
66%
Ow
66%
Ox
66%
Oy
66%
Te
66%
Wo
66%
Ye
66%
Si
64%
Up
64%
Om
63%
Ki
61%
Od
61%
Ok
61%
Oe
59%
Qi
56%
Ut
56%
Mm
54%
Un
54%
Um
51%
Hm
50%
Uh
50%
Xi
50%
Xu
46%
Sh
40%
No matching quizzes found
Score Distribution
Percent of People with Each Score
Percentile by Number Answered
Your Score History
You have not taken this quiz since the last reset